Airlines at Minneapolis/St. Paul MSP (2025) - Statistics

General Stats
  • This quiz has been taken 112 times
  • The average score is 12 of 17
Answer Stats
Answer % Correct
American Airlines
97%
Delta Air Lines
97%
United Airlines
94%
Spirit Airlines
90%
Southwest Airlines
84%
Air Canada
83%
Air France
78%
Sun Country Airlines
77%
Alaska Airlines
74%
Frontier Airlines
74%
KLM
71%
Lufthansa
59%
WestJet
58%
Aer Lingus
57%
Allegiant Air
48%
Icelandair
48%
Denver Air Connection
26%
No matching quizzes found
Score Distribution
Percent of People with Each Score
Percentile by Number Answered
Your Score History
You have not taken this quiz